AH International Schools' Libraries

Act like men : (Record no. 50073)

MARC details
000 -LEADER
fixed length control field 01764nam a2200217 4500
020 ## - INTERNATIONAL STANDARD BOOK NUMBER
International Standard Book Number 9780802457196
035 ## - SYSTEM CONTROL NUMBER
System control number 18224016
040 ## - CATALOGING SOURCE
Original cataloging agency DLC
Language of cataloging eng
Description conventions rda
Transcribing agency DLC
Modifying agency DLC
042 ## - AUTHENTICATION CODE
Authentication code pcc
050 00 - LIBRARY OF CONGRESS CALL NUMBER
Classification number BV4528.2
Item number .M27 2014
082 00 - DEWEY DECIMAL CLASSIFICATION NUMBER
Classification number 248.8/42
Edition number 23
100 ## - MAIN ENTRY--PERSONAL NAME
Personal name MacDonald, James,
Relator term author.
9 (RLIN) 87094
245 10 - TITLE STATEMENT
Title Act like men :
Remainder of title 40 days to biblical manhood /
Statement of responsibility, etc James MacDonald.
260 ## - PUBLICATION, DISTRIBUTION, ETC. (IMPRINT)
Name of publisher, distributor, etc Moody Publishers ;
Date of publication, distribution, etc October 1, 2014.
300 ## - PHYSICAL DESCRIPTION
Extent 270 pages ;
Dimensions Dimensions 6 x 0.67 x 9 inches.
504 ## - BIBLIOGRAPHY, ETC. NOTE
Bibliography, etc Includes bibliographical references.
520 ## - SUMMARY, ETC.
Summary, etc Man up; it’s the best thing you can do for others—and yourself<br/><br/>Men are so busy doing so many different things; when not working, their free time is often full of the trivial or sinful. But what society and church so desperately need are men who embrace all that God created them to be, who long to follow God without limits and meet the needs of those around them without hesitation.<br/><br/>To get there, we need what Pastor James MacDonald calls “radical surgery”—a deep, probing exploration and reparation of all that it means to be a man.<br/><br/>In his definitive, bold voice, MacDonald calls men to be watchful, firm in their faith, strong, and loving. This isn’t a call for bravado and bluster. It’s a call for men to mix tender and tough, to be humble, to follow Jesus. It is a call to be leaders, men of God, husbands who are present and caring and strong. It is straight talk—no posturing or posing or beating around the bush—inviting men to redemption and restoration in their manhood.<br/><br/>Read Act Like Men and take bold steps toward being all that God designed you to be.
650 ## - SUBJECT ADDED ENTRY--TOPICAL TERM
Topical term or geographic name as entry element Christian men
General subdivision Religious life.
650 ## - SUBJECT ADDED ENTRY--TOPICAL TERM
Topical term or geographic name as entry element Men (Christian theology)
9 (RLIN) 2501
942 ## - ADDED ENTRY ELEMENTS (KOHA)
Source of classification or shelving scheme
Koha item type Book
Holdings
Withdrawn status Lost status Source of classification or shelving scheme Damaged status Not for loan Home library Current library Date acquired Total Checkouts Full call number Barcode Date last seen Price effective from Koha item type
          Logos International School Logos International School 01/15/2026   248.842 MAC 040812 01/20/2026 01/15/2026 Book

For any Logos Library related questions please contact Miss Art at swongnarasuk@asianhope.org.

For any Asian Hope Library related questions please contact Miss Raza at graza@asianhope.org.

Click here to explore our ebooks!

Powered by Koha